000 00952cam a2200301 i 4500
001 768714001
003 CO-MdBIC
005 20231201083114.0
008 231201t1966 sp ||||| |||| 00| 0 spa d
020 _a84-301-0227-2
040 _bspa.
_aCO-MdFUSB
_cCO-MdFUSB
_dCO-MdFUSBC
_erda
041 _aspa
082 0 4 _aG 231.74 L359t
100 1 _aLatourelle, René (1918-)
245 1 0 _aTeología de la revelación / René Latourelle ; José Luis Domínguez Villar, Traductor
_c/
250 _a5
264 1 _aSalamaca, España : Sígueme
_bEdiciones Sígueme,
_c[1966]
264 4 _c©1966
300 _a383 Pag
_c;
336 _atexto
_btxt
_2rdacontent
337 _2rdamedia
_asin mediación
_bn
338 _2rdacarrier
_avolumen
_bnc
500 _aTítulo original : Theologie de la revelation
650 0 _aRevelación en la Biblia
_91078
650 7 _aTeología dogmática
_2embne
_96938
_vHistoria
942 _cBK
945 _ajohan1477
999 _c35218
_d35218